| 000 | 00508nmm a2200169Ia 4500 | ||
|---|---|---|---|
| 008 | 251105s9999||||xx |||||||||||||||||und|| | ||
| 020 | _a9781615908301 | ||
| 041 | _aspa | ||
| 100 | _aGreve, Meg | ||
| 245 | 0 | _aCamiones = Trucks | |
| 264 |
_a[Madrid, España] : _bRourke Educational Media, _c2009 |
||
| 300 | _a24 páginas | ||
| 490 | _aMis primeros descubrimientos / My first discovery library | ||
| 650 | _aAges 6-8 Years Old | ||
| 856 | _uhttps://public.digitaliapublishing.com/a/24679 | ||
| 942 | _cCF | ||
| 999 |
_c75157 _d75157 |
||